| 000 | 01052nam a22003017a 4500 | ||
|---|---|---|---|
| 005 | 20240530110427.0 | ||
| 008 | 150208s2011 ua g b 000 0 ara d | ||
| 017 |
_a2011/14962 _bمصر . دار الكتب المصرية |
||
| 020 | _a9776264349 | ||
| 040 | _aEG-CaGPL | ||
| 041 | 0 | _aara | |
| 082 | 0 | 4 |
_221 _a341.33\ _bى د |
| 100 | 0 | _aيوسف حسن يوسف | |
| 245 | 1 | 2 |
_aالدبلوماسية الدولية / _cيوسف حسن يوسف |
| 250 | _aط1 | ||
| 260 |
_aالقاهرة : _bالمركز القومى للاصدارات القانونية ، _c2011 |
||
| 300 |
_a259 ص ؛ _c24 سم |
||
| 504 | _aببليوجرافية : ص 245 - 252 | ||
| 650 | 0 | 4 | _aالدبلوماسة |
| 650 | 0 | 4 | _aالمواثيق |
| 650 | 0 | 4 | _aالمعاهدات |
| 650 | 0 | 4 |
_aالاتفاقيات الدولية _xانواع |
| 650 | 0 | 4 | _aالسلك الدبلوماسى |
| 650 | 0 | 4 | _aالعلاقات الخارجية |
| 650 | 0 | 4 | _aالحصانة الدبلوماسية |
| 942 |
_2ddc _cBK |
||
| 999 |
_c60765 _d60765 |
||